Normal view
MARC view
- 1.Signal Processing ---- Digital techniques ----- Data processing 2. MATLAB
Entry Topical Term
001 - CONTROL NUMBER
- control field: 223
003 - CONTROL NUMBER IDENTIFIER
- control field: NUST
005 - DATE AND TIME OF LATEST TRANSACTION
- control field: 20170509154031.0
008 - FIXED-LENGTH DATA ELEMENTS
- fixed length control field: 170509|| aca||aabn | a|a d
040 ## - CATALOGING SOURCE
- Original cataloging agency: NUST
- Transcribing agency: NUST
150 ## - HEADING--TOPICAL TERM
- Topical term or geographic name entry element: 1.Signal Processing ---- Digital techniques ----- Data processing 2. MATLAB
670 ## - SOURCE DATA FOUND
- Source citation: Work cat.: (NUST)24014: Mitra Sanjit K 222, Digital Signal Processing , c2006
